[Event "Weekend Vitinia"]
[Site "Roma ITA"]
[Date "1997.11.??"]
[Round "5"]
[White "Quimi, Marco"]
[Black "Ferri, Stefano"]
[Result "0-1"]
[WhiteElo "2240"]
[BlackElo "1901"]
[PlyCount "150"]
[EventDate "1997.11.??"]

1. e4 c5 2. Nf3 Nf6 3. Nc3 e6 4. d4 cxd4 5. Nxd4 Bb4 6. Bd3 e5 7. Nf3 d5 8. O-O
Bxc3 9. bxc3 O-O 10. Nxe5 dxe4 11. Bc4 Qa5 12. Qd4 Nbd7 13. Bf4 Nxe5 14. Qxe5
Qxe5 15. Bxe5 Re8 16. Bd4 Be6 17. Bb5 Rec8 18. Rfe1 Nd5 19. c4 Nb4 20. Ba4 Rxc4
21. Rad1 Nxc2 22. Bxc2 Rxc2 23. Bxa7 Rxa2 24. Bd4 f5 25. Rb1 Bd5 26. Be3 Bc6
27. Rec1 Kf7 28. h4 h6 29. Kh2 g5 30. Kh3 f4 31. Bc5 e3 32. f3 Rd2 33. Bb4 Re2
34. Re1 Raa2 35. Rxe2 Rxe2 36. Rd1 Rb2 37. Bc3 Rc2 38. Be1 b5 39. hxg5 hxg5 40.
Ba5 e2 41. Rb1 Bd7+ 42. Kh2 Ke6 43. Kg1 Kd5 44. Be1 Ra2 45. Kf2 Kc4 46. Rc1+
Kd5 47. Rc7 Be6 48. Rg7 Rb2 49. Rxg5+ Kd4 50. Rg6 Kd5 51. Rf6 b4 52. Rxf4 b3
53. Rb4 Kc5 54. Rb8 Rc2 55. g4 b2 56. g5 Ba2 57. Rc8+ Kd5 58. Rxc2 b1=Q 59.
Rxe2 Bc4 60. Re3 Bd3 61. Kg3 Kd4 62. Bf2 Kc4 63. Re1 Qb8+ 64. f4 Bf5 65. Rc1+
Kd3 66. Rc5 Qf8 67. Rd5+ Ke2 68. Re5+ Kd2 69. Rd5+ Bd3 70. f5 Qg8 71. Be1+ Kxe1
72. Rxd3 Qxg5+ 73. Kf3 Qxf5+ 74. Ke3 Qe5+ 75. Kf3 Qe2+ 0-1

[Event "Weekend Vitinia"]
[Site "Roma ITA"]
[Date "1997.11.??"]
[Round "5"]
[White "Ridolfi, Raffaele"]
[Black "Ludovici, Roberto"]
[Result "0-1"]
[WhiteElo "1633"]
[BlackElo "1728"]
[PlyCount "112"]
[EventDate "1997.11.??"]

1. d4 Nf6 2. c4 e6 3. Nc3 Bb4 4. Qc2 d5 5. a3 Be7 6. cxd5 exd5 7. Bg5 c6 8. e3
O-O 9. Bd3 Nbd7 10. Nf3 Re8 11. O-O Nf8 12. Ne5 Ng4 13. Bxe7 Qxe7 14. Nf3 Qf6
15. b4 Nh6 16. b5 Bf5 17. Bxf5 Nxf5 18. bxc6 bxc6 19. Na4 Ng6 20. Rfc1 Rac8 21.
Nc5 Nfh4 22. Nxh4 Nxh4 23. Qd1 Qg6 24. g3 Nf5 25. Rab1 Nd6 26. Rb3 Nc4 27. Rcb1
h5 28. h4 Nxe3 29. fxe3 Qxg3+ 30. Kf1 Qh3+ 31. Ke2 Qxh4 32. Qg1 Qxd4 33. Nd3
Qe4 34. Rb7 Qa4 35. Kd2 Qxa3 36. Nf4 Qa5+ 37. Kd3 Qa6+ 38. Kd2 Qa5+ 39. Kd3 Re5
40. Ng6 fxg6 41. Qxg6 Qa3+ 42. R1b3 Qf8 43. Rxa7 Rce8 44. Kc2 Qf5+ 45. Qxf5
Rxf5 46. Rbb7 Rg5 47. Rc7 Rxe3 48. Kd2 d4 49. Rxc6 Rg2+ 50. Kd1 h4 51. Ra8+ Kh7
52. Rf8 h3 53. Rf1 h2 54. Rc2 Rd3+ 55. Kc1 Rc3 56. Rxc3 dxc3 0-1

[Event "Weekend Vitinia"]
[Site "Roma ITA"]
[Date "1997.11.??"]
[Round "5"]
[White "Scagliarini, Valentina"]
[Black "Marta, Daniele"]
[Result "1/2-1/2"]
[WhiteElo "1642"]
[BlackElo "1816"]
[PlyCount "44"]
[EventDate "1997.11.??"]

1. e4 Nc6 2. d4 e5 3. dxe5 Nxe5 4. Nf3 Nxf3+ 5. Qxf3 Qf6 6. Qxf6 Nxf6 7. Bd3
Bc5 8. Nc3 d6 9. Bd2 Bd7 10. O-O O-O 11. Rae1 Rfe8 12. Be3 Bb6 13. Re2 Ng4 14.
Bxb6 axb6 15. a3 Ne5 16. Bb5 Bc6 17. f3 Ra5 18. a4 Kf8 19. b3 Re7 20. Rd2 Ra8
21. Rfd1 f6 22. Kf2 g5 1/2-1/2

[Event "Weekend Vitinia"]
[Site "Roma ITA"]
[Date "1997.11.??"]
[Round "5"]
[White "Simeoni, Matteo"]
[Black "Vannelli, Vittorio"]
[Result "1-0"]
[WhiteElo "1830"]
[BlackElo "1636"]
[PlyCount "59"]
[EventDate "1997.11.??"]

1. e4 c5 2. Nf3 d6 3. Bb5+ Nd7 4. d4 cxd4 5. Qxd4 a6 6. Bxd7+ Bxd7 7. a4 e5 8.
Qd3 Nf6 9. Nc3 h6 10. O-O Be7 11. Nd2 Be6 12. Nc4 Rc8 13. Ne3 Qb6 14. Rd1 O-O
15. Ncd5 Bxd5 16. exd5 Nd7 17. Nf5 Bf6 18. a5 Qc5 19. c3 Rce8 20. Qh3 Qc7 21.
Rd3 Bg5 22. Rg3 Qd8 23. Nxh6+ Bxh6 24. Bxh6 g6 25. Bxf8 Rxf8 26. Ra4 e4 27. Qh6
Re8 28. Rh3 Qf6 29. Qh7+ Kf8 30. Qh8+ 1-0

[Event "Weekend Vitinia"]
[Site "Roma ITA"]
[Date "1997.11.??"]
[Round "5"]
[White "Siraco, Maurizio"]
[Black "Galdelli, Fabiano"]
[Result "1-0"]
[WhiteElo "1911"]
[BlackElo "1738"]
[PlyCount "111"]
[EventDate "1997.11.??"]

1. e4 c5 2. Nf3 Nc6 3. d4 cxd4 4. Nxd4 g6 5. Nc3 Bg7 6. Be3 Nf6 7. Bc4 O-O 8.
Bb3 d6 9. f3 a6 10. Qd2 Bd7 11. O-O-O Qa5 12. h4 h5 13. Kb1 Rfe8 14. Nxc6 Bxc6
15. Bd4 Rac8 16. Bxf6 Bxf6 17. Nd5 Qxd2 18. Nxf6+ exf6 19. Rxd2 Re5 20. Rxd6
Kg7 21. Rhd1 Rce8 22. Kc1 f5 23. exf5 Rxf5 24. Bc4 Rf4 25. R6d4 Rf5 26. Kd2
Rfe5 27. Bd3 g5 28. Rf1 gxh4 29. Rh1 Rg5 30. Bf1 Bb5 31. c4 Bc6 32. Rhxh4 Rh8
33. Ke3 Re8+ 34. Kf2 Rh8 35. Bd3 Rh6 36. Be4 Bxe4 37. Rhxe4 Rhg6 38. g4 hxg4
39. Rxg4 Ra5 40. Rxg6+ Kxg6 41. a3 Rc5 42. b4 Rc7 43. c5 a5 44. Ke3 axb4 45.
axb4 Kf6 46. Kd3 Ke7 47. Rd6 Rc8 48. Kc4 Ra8 49. Kb5 f5 50. Kb6 Ra3 51. f4 Re3
52. Kxb7 Re4 53. b5 Rxf4 54. Rd1 Re4 55. c6 f4 56. c7 1-0

[Event "Weekend Vitinia"]
[Site "Roma ITA"]
[Date "1997.11.??"]
[Round "5"]
[White "Spano' Cuomo, Gaetano"]
[Black "Mazziotto, Nicola"]
[Result "1-0"]
[WhiteElo "1641"]
[BlackElo "1570"]
[PlyCount "59"]
[EventDate "1997.11.??"]

1. d4 Nf6 2. c4 e6 3. Nf3 Bb4+ 4. Nc3 O-O 5. a3 Bxc3+ 6. bxc3 h6 7. e3 c5 8.
Be2 Qa5 9. O-O Ne4 10. Bb2 Nxc3 11. Qd2 Nxe2+ 12. Qxe2 Nc6 13. d5 exd5 14. cxd5
Nd8 15. Ne5 d6 16. Nc4 Qc7 17. a4 b6 18. f4 Re8 19. Rf3 Bg4 20. Qd3 Bxf3 21.
gxf3 Nb7 22. Kh1 Qe7 23. Rg1 f6 24. Qg6 Kh8 25. Nd2 Rf8 26. Ne4 Qf7 27. Qf5
Rae8 28. Nxf6 gxf6 29. Rg6 Qh7 30. Bxf6+ 1-0

[Event "Weekend Vitinia"]
[Site "Roma ITA"]
[Date "1997.11.??"]
[Round "5"]
[White "Steinfl, Alessandro"]
[Black "Ferretti, Folco"]
[Result "0-1"]
[WhiteElo "2270"]
[BlackElo "2285"]
[PlyCount "66"]
[EventDate "1997.11.??"]

1. d4 d5 2. Bg5 h6 3. Bh4 c6 4. Nf3 Qb6 5. Qc1 g5 6. Bg3 g4 7. Ne5 Qxd4 8. c3
Qb6 9. e4 Nf6 10. exd5 cxd5 11. Bd3 Bg7 12. O-O Nh5 13. Re1 Nxg3 14. hxg3 Nc6
15. Nxc6 bxc6 16. a4 a5 17. Na3 e5 18. c4 O-O 19. cxd5 cxd5 20. Nb5 Bb7 21. Bf5
Bc8 22. Bb1 Bd7 23. Nc3 d4 24. Nd5 Qd6 25. Qc2 Rfc8 26. Qh7+ Kf8 27. Ba2 Be6
28. Qe4 Rab8 29. Re2 Rc5 30. b4 axb4 31. Nxb4 Rxb4 32. Bxe6 Qxe6 33. Qa8+ Qc8
0-1

[Event "Weekend Vitinia"]
[Site "Roma ITA"]
[Date "1997.11.??"]
[Round "5"]
[White "Viscogliosi, Enzo"]
[Black "De Carolis, Maurizio"]
[Result "1/2-1/2"]
[WhiteElo "1732"]
[BlackElo "1702"]
[PlyCount "50"]
[EventDate "1997.11.??"]

1. d4 b6 2. c4 e6 3. Nf3 Bb7 4. Bf4 Nf6 5. e3 Bb4+ 6. Nc3 O-O 7. Be2 d5 8. O-O
Nbd7 9. Rc1 Bxc3 10. Rxc3 Ne4 11. Rc1 Rc8 12. cxd5 exd5 13. Qa4 a6 14. Ne5 Nxe5
15. Bxe5 c5 16. dxc5 bxc5 17. Rfd1 Qe7 18. Bf4 g5 19. Bg3 Nxg3 20. hxg3 Rfd8
21. Qg4 h6 22. b3 Qe5 23. Bd3 Rc6 24. Qf5 Qxf5 25. Bxf5 Bc8 1/2-1/2

[Event "Weekend Vitinia"]
[Site "Roma ITA"]
[Date "1997.11.??"]
[Round "6"]
[White "Attanasi, Salvatore"]
[Black "Pezzaldi, Roberto"]
[Result "0-1"]
[WhiteElo "1672"]
[BlackElo "2095"]
[PlyCount "32"]
[EventDate "1997.11.??"]

1. e4 e6 2. d4 d5 3. e5 c5 4. c3 Nc6 5. Nf3 Qb6 6. a3 Bd7 7. b4 cxd4 8. cxd4
Rc8 9. Bb2 Nxb4 10. axb4 Qxb4+ 11. Qd2 Rc2 12. Bc3 Qb3 13. Qe3 Nh6 14. Nfd2
Rc1+ 15. Ke2 Qd1+ 16. Kd3 Bb5# 0-1

[Event "Weekend Vitinia"]
[Site "Roma ITA"]
[Date "1997.11.??"]
[Round "6"]
[White "Barro, Carlo"]
[Black "Di Lascio, Savino"]
[Result "1-0"]
[WhiteElo "1747"]
[BlackElo "1708"]
[PlyCount "120"]
[EventDate "1997.11.??"]

1. Nf3 d5 2. d3 Nf6 3. g3 Bf5 4. Bg2 e6 5. Nbd2 Bc5 6. a4 a6 7. c4 c6 8. O-O
Nbd7 9. a5 Bb4 10. Qa4 Qe7 11. cxd5 cxd5 12. e4 dxe4 13. dxe4 Nxe4 14. Ne5 Bxd2
15. Bxd2 Nec5 16. Qf4 g5 17. Qe3 Nxe5 18. Qxe5 f6 19. Qe3 Nd3 20. Bc3 Kf7 21.
Bf3 h5 22. Rfd1 g4 23. Be2 Nb4 24. Bxb4 Qxb4 25. Rd7+ Kg6 26. Bd3 Rad8 27. Qxe6
Bxd3 28. Qf7+ Kg5 29. Qd5+ Bf5 30. Rxd8 Rxd8 31. Qxd8 Qxb2 32. Rd1 Qb3 33. Qd5
Qxd5 34. Rxd5 Kg6 35. Kf1 Be4 36. Rc5 f5 37. Ke2 h4 38. Ke3 hxg3 39. fxg3 Kg5
40. Kd4 Kf6 41. Rc3 Bg2 42. Re3 Bc6 43. Kc5 Be4 44. Kd6 Bc6 45. Re6+ Kg5 46.
Ke5 Bf3 47. Rf6 Be4 48. Rf8 Kg6 49. Rg8+ Kf7 50. Rg5 Ke7 51. Rg7+ Kd8 52. Kd6
Ke8 53. Re7+ Kf8 54. Ke6 Bd5+ 55. Kf6 Be4 56. Re5 Bb1 57. Rxf5 Bxf5 58. Kxf5
Ke7 59. Kxg4 b5 60. axb6 Kd6 1-0

[Event "Weekend Vitinia"]
[Site "Roma ITA"]
[Date "1997.11.??"]
[Round "6"]
[White "Bruno, Fabio"]
[Black "Scacco, Mauro"]
[Result "1/2-1/2"]
[WhiteElo "2260"]
[BlackElo "2045"]
[PlyCount "112"]
[EventDate "1997.11.??"]

1. e4 c5 2. Nf3 d6 3. d4 cxd4 4. Nxd4 Nf6 5. Nc3 g6 6. Be3 Bg7 7. f3 O-O 8. Qd2
Nc6 9. Bc4 Qa5 10. Bb3 Nxd4 11. Bxd4 Be6 12. O-O-O Rfc8 13. Kb1 Bxb3 14. axb3
b5 15. Bxf6 Bxf6 16. Nd5 Qxd2 17. Nxf6+ Kg7 18. Nh5+ gxh5 19. Rxd2 Rc5 20. Rhd1
Rac8 21. b4 Rc4 22. c3 a5 23. bxa5 b4 24. cxb4 Rxb4 25. Rd4 Rb3 26. Ka2 Re3 27.
R1d2 h4 28. R4d3 Re1 29. Rc3 Ra8 30. b4 f5 31. exf5 Re5 32. Kb3 Rxf5 33. Re2
Kf6 34. Rc7 h3 35. gxh3 Rxf3+ 36. Ka4 Re8 37. a6 Rf1 38. a7 d5 39. Rec2 d4 40.
Kb5 Ra1 41. Kb6 e5 42. Rc8 d3 43. R2c6+ Re6 44. Rxe6+ Kxe6 45. a8=Q Rxa8 46.
Rxa8 Kd5 47. Rd8+ Kc4 48. Kc6 e4 49. b5 e3 50. b6 e2 51. Re8 d2 52. b7 e1=Q 53.
Rxe1 dxe1=Q 54. b8=Q Qe6+ 55. Qd6 Qxh3 56. Qc5+ Kb3 1/2-1/2

[Event "Weekend Vitinia"]
[Site "Roma ITA"]
[Date "1997.11.??"]
[Round "6"]
[White "Cordelli, Benedetto"]
[Black "Iacoacci, Giancarlo"]
[Result "0-1"]
[WhiteElo "1600"]
[BlackElo "1600"]
[PlyCount "84"]
[EventDate "1997.11.??"]

1. e4 c5 2. Nf3 d6 3. Bb5+ Bd7 4. Bxd7+ Qxd7 5. c4 Nc6 6. O-O Nf6 7. d3 e6 8.
Nc3 Be7 9. d4 cxd4 10. Nxd4 O-O 11. Bg5 a6 12. a4 Qc7 13. b3 h6 14. Be3 Rac8
15. f4 Qb6 16. Rf3 Qc7 17. h3 Rfd8 18. Rc1 Na5 19. Nce2 Nxe4 20. Qd3 Nc5 21.
Qc2 Nc6 22. Nxc6 Qxc6 23. f5 Qe4 24. Qc3 Bf6 25. Qe1 Nd3 26. Qg3 Bh4 27. Qh2
Nxc1 28. Nxc1 Bg5 29. fxe6 Bxe3+ 30. Kh1 Qxe6 31. Nd3 Qe4 32. Qg3 Qxd3 33. Rxe3
Qg6 34. Qe1 f6 35. Qd2 Re8 36. Rxe8+ Rxe8 37. Qxd6 Qb1+ 38. Kh2 Qxb3 39. Qd7
Re5 40. h4 Qxc4 41. Qd8+ Kh7 42. Qd2 Qxh4+ 0-1

[Event "Weekend Vitinia"]
[Site "Roma ITA"]
[Date "1997.11.??"]
[Round "6"]
[White "De Carolis, Maurizio"]
[Black "Scagliarini, Valentina"]
[Result "1/2-1/2"]
[WhiteElo "1702"]
[BlackElo "1642"]
[PlyCount "99"]
[EventDate "1997.11.??"]

1. d4 d5 2. Nf3 e6 3. e3 Nf6 4. Bd3 Be7 5. Nbd2 Nbd7 6. c3 b6 7. O-O Bb7 8. Re1
O-O 9. e4 dxe4 10. Nxe4 Bxe4 11. Bxe4 Nxe4 12. Rxe4 Nf6 13. Re2 Qd6 14. g3 Rfd8
15. Bf4 Qd5 16. Re5 Qb7 17. Bg5 h6 18. Bxf6 Bxf6 19. Re1 c5 20. Re3 cxd4 21.
cxd4 Rd5 22. Rc1 Rad8 23. Rec3 Bxd4 24. Nxd4 Rxd4 25. Qh5 g6 26. Qf3 Qxf3 27.
Rxf3 Rd1+ 28. Rxd1 Rxd1+ 29. Kg2 Rd2 30. Rb3 Kg7 31. Ra3 Rxb2 32. Rxa7 b5 33.
a4 Ra2 34. a5 b4 35. a6 b3 36. Rb7 b2 37. a7 Rxa7 38. Rxb2 Kf6 39. Rb3 Ra5 40.
g4 Ra7 41. h3 Ra6 42. Rf3+ Kg7 43. Rb3 f5 44. f3 Kf6 45. Rb8 f4 46. Rb2 Rd6 47.
Kf2 Rd3 48. Rc2 Rd5 49. Kg2 h5 50. Kf2 1/2-1/2

[Event "Weekend Vitinia"]
[Site "Roma ITA"]
[Date "1997.11.??"]
[Round "6"]
[White "De Francesco, Massimo"]
[Black "Buffoni, Luca"]
[Result "1-0"]
[WhiteElo "1740"]
[BlackElo "1651"]
[PlyCount "105"]
[EventDate "1997.11.??"]

1. c4 e6 2. Nc3 Nf6 3. e4 d5 4. e5 d4 5. exf6 dxc3 6. bxc3 Qxf6 7. d4 Be7 8.
Nf3 h6 9. Be2 c5 10. O-O Nc6 11. d5 exd5 12. cxd5 Nb8 13. Bb2 O-O 14. Qb3 Nd7
15. c4 Qb6 16. Rad1 Bf6 17. Bxf6 Nxf6 18. Qc2 Qd6 19. Rfe1 Bd7 20. Nd2 Rfe8 21.
Bf3 Qf4 22. Ne4 Nxe4 23. Rxe4 Rxe4 24. Qxe4 Qxe4 25. Bxe4 Re8 26. Bf3 b6 27. g3
Kf8 28. Kg2 Ke7 29. Rd3 Kd6 30. Ra3 Ra8 31. Kf1 a6 32. Be2 a5 33. Ke1 Re8 34.
Kd2 Bf5 35. f3 Bc8 36. Rb3 Kc7 37. Bd3 Rd8 38. g4 Rd6 39. Rb1 Bd7 40. Kc3 Rf6
41. Be4 Rf4 42. Kd3 f5 43. gxf5 Bxf5 44. Ke3 g5 45. Rb2 Bd7 46. d6+ Kxd6 47.
Rxb6+ Ke5 48. Rxh6 Be6 49. Rg6 g4 50. Rg5+ Bf5 51. Rxf5+ Rxf5 52. Bxf5 Kxf5 53.
fxg4+ 1-0

[Event "Weekend Vitinia"]
[Site "Roma ITA"]
[Date "1997.11.??"]
[Round "6"]
[White "Del Castello, Lucio"]
[Black "Matano, Arturo"]
[Result "0-1"]
[WhiteElo "1552"]
[BlackElo "1705"]
[PlyCount "132"]
[EventDate "1997.11.??"]

1. e4 g6 2. d4 Bg7 3. Nc3 c6 4. Nf3 d6 5. h3 Nd7 6. Be2 Qc7 7. Bg5 e5 8. d5 c5
9. Nb5 Qb8 10. a4 a6 11. Nc3 f6 12. Be3 Bh6 13. Qd2 Bxe3 14. Qxe3 Qc7 15. Nh4
Qd8 16. Qg3 Qe7 17. O-O Nh6 18. Rfe1 O-O 19. Nd1 Qg7 20. Ne3 f5 21. exf5 Nxf5
22. Nhxf5 gxf5 23. Qxg7+ Kxg7 24. Nc4 Rf6 25. f3 b6 26. Bd3 Rb8 27. Ne3 Nf8 28.
Kh2 Ng6 29. g3 Ne7 30. c4 Bd7 31. a5 b5 32. Rg1 bxc4 33. Bxc4 Rxb2+ 34. Rg2
Rxg2+ 35. Kxg2 Bb5 36. Bxb5 axb5 37. a6 Rf8 38. a7 Ra8 39. Ra6 f4 40. gxf4 exf4
41. Ng4 Nc8 42. Rc6 b4 43. Nf2 b3 44. Nd3 Kf6 45. Nxc5 b2 46. Ne4+ Ke5 47. Nc3
Kd4 48. Nb1 Kxd5 49. Rc2 Nxa7 50. Rxb2 Rg8+ 51. Kh2 Nc6 52. Nc3+ Kd4 53. Ne4
Ne5 54. Rb4+ Kd3 55. Rb3+ Kc2 56. Rc3+ Kb2 57. Nf6 Rg6 58. Nd5 Rg3 59. Nxf4
Rxf3 60. Rxf3 Nxf3+ 61. Kg3 Ne5 62. Nd5 Kc2 63. Kf4 Kd3 64. Kf5 Kd4 65. Ke6 Nc4
66. Nf6 h6 0-1

[Event "Weekend Vitinia"]
[Site "Roma ITA"]
[Date "1997.11.??"]
[Round "6"]
[White "Ferri, Stefano"]
[Black "Chiaretti, Roberto"]
[Result "0-1"]
[WhiteElo "1901"]
[BlackElo "2150"]
[PlyCount "54"]
[EventDate "1997.11.??"]

1. d4 e6 2. Nf3 d5 3. Bf4 Bd6 4. Bxd6 Qxd6 5. Qd2 Nf6 6. Nc3 O-O 7. e3 b6 8.
Bd3 Bb7 9. Nb5 Qe7 10. b4 a6 11. Nc3 Qxb4 12. Rb1 Qe7 13. a4 Nbd7 14. O-O c5
15. a5 b5 16. Na4 c4 17. Be2 Ne4 18. Qb4 Qxb4 19. Rxb4 Bc8 20. Nb2 Nb8 21. Nd1
Nc6 22. Rb2 f6 23. Ra2 Bd7 24. c3 Rfb8 25. Ne1 b4 26. cxb4 Nxb4 27. Rb2 c3 0-1

[Event "Weekend Vitinia"]
[Site "Roma ITA"]
[Date "1997.11.??"]
[Round "6"]
[White "Galdelli, Fabiano"]
[Black "Viscogliosi, Enzo"]
[Result "1/2-1/2"]
[WhiteElo "1738"]
[BlackElo "1732"]
[PlyCount "28"]
[EventDate "1997.11.??"]

1. e4 c5 2. Nf3 d6 3. d4 cxd4 4. Nxd4 Nf6 5. Nc3 a6 6. Bg5 e6 7. f4 Be7 8. Qd2
Qc7 9. Be2 Nbd7 10. O-O-O O-O 11. g4 b5 12. a3 Rb8 13. Bxf6 Nxf6 14. g5 Nd7
1/2-1/2

[Event "Weekend Vitinia"]
[Site "Roma ITA"]
[Date "1997.11.??"]
[Round "6"]
[White "Marta, Daniele"]
[Black "Ludovici, Roberto"]
[Result "1-0"]
[WhiteElo "1816"]
[BlackElo "1728"]
[PlyCount "141"]
[EventDate "1997.11.??"]

1. d4 Nf6 2. c4 e6 3. Nf3 b6 4. g3 Bb7 5. Bg2 d5 6. O-O Be7 7. b3 O-O 8. Nc3
Na6 9. Bb2 c5 10. e3 Rc8 11. Qe2 Nc7 12. Rfd1 Nd7 13. e4 cxd4 14. Nxd4 e5 15.
Nf5 d4 16. Nd5 Bf6 17. Ba3 Nc5 18. f4 Nxd5 19. exd5 exf4 20. gxf4 d3 21. Qg4
Bxa1 22. Rxa1 Qf6 23. Rb1 h5 24. Qxh5 Rfe8 25. Bb2 Qg6 26. Qxg6 fxg6 27. Nd6 d2
28. Bc3 Re2 29. Nxc8 Bxc8 30. Rd1 Nd3 31. Bxd2 Bg4 32. Bf1 Re8 33. Rb1 Nc5 34.
Re1 Rf8 35. b4 Nd7 36. Bd3 Kf7 37. h3 Bxh3 38. Kf2 Nf6 39. Kf3 Bd7 40. d6 Rh8
41. Re7+ Kf8 42. Bxg6 Rh1 43. Be3 Rh3+ 44. Kg2 Rh6 45. Bc2 Bc6+ 46. Kg3 Bd7 47.
c5 bxc5 48. bxc5 a6 49. Bd4 Nh5+ 50. Kf3 Bc6+ 51. Be4 Bb5 52. Rb7 Re6 53. Rb8+
Re8 54. Rxe8+ Bxe8 55. c6 Nf6 56. Bxf6 gxf6 57. d7 Bxd7 58. cxd7 Ke7 59. Bc6
Kd8 60. Ke4 a5 61. Kf5 Ke7 62. a3 Kd8 63. Kxf6 Kc7 64. Ba4 Kd8 65. Ke6 Kc7 66.
Ke7 Kb6 67. d8=R Kc5 68. f5 Kb6 69. Kd6 Ka7 70. Kc6 Ka6 71. Ra8# 1-0

[Event "Weekend Vitinia"]
[Site "Roma ITA"]
[Date "1997.11.??"]
[Round "6"]
[White "Marzano, Carlo"]
[Black "Campagna, Maurizio"]
[Result "1-0"]
[WhiteElo "2160"]
[BlackElo "1573"]
[PlyCount "69"]
[EventDate "1997.11.??"]

1. d4 Nf6 2. Nf3 e6 3. Bg5 Be7 4. Nbd2 c5 5. e3 Nc6 6. c3 cxd4 7. exd4 d5 8.
Bd3 Qc7 9. O-O b6 10. Qe2 h6 11. Bh4 Nd7 12. Bxe7 Nxe7 13. Ne5 Nxe5 14. dxe5
O-O 15. f4 Bb7 16. Nf3 Qc5+ 17. Kh1 Rad8 18. Nd4 Nc6 19. Rad1 Rc8 20. f5 exf5
21. Nxf5 g6 22. Nxh6+ Kg7 23. Ng4 Rce8 24. Qf3 Qe7 25. Rde1 Qg5 26. Qf6+ Qxf6
27. exf6+ Kh7 28. Bb5 a6 29. Bxc6 Bxc6 30. Re7 Rd8 31. Rf3 g5 32. Rh3+ Kg6 33.
Ne5+ Kxf6 34. Nxc6 Rd6 35. Rh6+ 1-0

[Event "Weekend Vitinia"]
[Site "Roma ITA"]
[Date "1997.11.??"]
[Round "6"]
[White "Mastroddi, Emiliano"]
[Black "Passerotti, Pierluigi"]
[Result "0-1"]
[WhiteElo "1753"]
[BlackElo "2310"]
[PlyCount "71"]
[EventDate "1997.11.??"]

1. d4 f5 2. c4 Nf6 3. Nc3 g6 4. g3 Bg7 5. Bg2 O-O 6. Nf3 d6 7. O-O c6 8. e3 a5
9. b3 Qe8 10. Qc2 Na6 11. a3 e5 12. dxe5 dxe5 13. Bb2 e4 14. Nd4 Nc5 15. Rad1
Ng4 16. Nce2 Nd3 17. Bc3 Qe7 18. a4 Rd8 19. Nc1 Ndxf2 20. Rde1 Nd3 21. Nxd3
exd3 22. Qxd3 c5 23. Bd5+ Rxd5 24. cxd5 cxd4 25. Bxd4 Bd7 26. Bxg7 Qxg7 27. Rc1
Qh6 28. Qd2 Re8 29. Rfe1 Ne5 30. Rf1 g5 31. Rcd1 g4 32. Qf2 Nf3+ 33. Kh1 Qxe3
34. Qxe3 Rxe3 35. Rf2 Rxb3 36. Rd3 0-1

[Event "Weekend Vitinia"]
[Site "Roma ITA"]
[Date "1997.11.??"]
[Round "6"]
[White "Montecchi, Ugo"]
[Black "Steinfl, Alessandro"]
[Result "0-1"]
[WhiteElo "1833"]
[BlackElo "2270"]
[PlyCount "52"]
[EventDate "1997.11.??"]

1. e4 c5 2. d4 cxd4 3. c3 d3 4. Bxd3 Nc6 5. Qe2 d6 6. f4 g6 7. Nf3 Bg7 8. O-O
Nf6 9. h3 O-O 10. Be3 e5 11. Rd1 Nh5 12. fxe5 dxe5 13. Bc4 Qc7 14. Na3 a6 15.
Qf2 Be6 16. Bxe6 fxe6 17. Bc5 Rf4 18. Rd3 Nf6 19. Bd6 Qa5 20. Qc2 Qb6+ 21. Kh2
Nxe4 22. Nc4 Qf2 23. Qxf2 Nxf2 24. Re3 Rxc4 25. Nd2 Rf4 26. g3 Ng4+ 0-1

[Event "Weekend Vitinia"]
[Site "Roma ITA"]
[Date "1997.11.??"]
[Round "6"]
[White "Moroni, Marco"]
[Black "De Carolis, Massimo"]
[Result "1-0"]
[WhiteElo "1806"]
[BlackElo "1702"]
[PlyCount "71"]
[EventDate "1997.11.??"]

1. e4 d6 2. d4 g6 3. c4 Nf6 4. Nc3 Bg7 5. Nf3 O-O 6. Be2 e5 7. d5 a5 8. O-O Na6
9. a3 Nc5 10. Qc2 a4 11. Bg5 Bd7 12. Nd2 h6 13. Be3 Ne8 14. Bxc5 dxc5 15. b3
axb3 16. Nxb3 b6 17. a4 Qe7 18. a5 bxa5 19. Nxa5 f5 20. Nc6 Bxc6 21. dxc6 Nd6
22. Nd5 Qf7 23. Rxa8 Rxa8 24. f3 Kh8 25. Bd3 f4 26. Qb2 Kh7 27. Ra1 Rc8 28. Qa3
Bf8 29. Qb2 Bg7 30. Ra7 g5 31. Qf2 Bf8 32. Qd2 h5 33. Qa5 Ne8 34. Ra8 Rxa8 35.
Qxa8 g4 36. Qxe8 1-0

[Event "Weekend Vitinia"]
[Site "Roma ITA"]
[Date "1997.11.??"]
[Round "6"]
[White "Palombi, Roberto"]
[Black "Luzi, Alessandro"]
[Result "1/2-1/2"]
[WhiteElo "2055"]
[BlackElo "1540"]
[PlyCount "44"]
[EventDate "1997.11.??"]

1. d4 Nf6 2. Nf3 g6 3. e3 Bg7 4. Bd3 d6 5. Nbd2 c5 6. c3 cxd4 7. exd4 Nbd7 8.
O-O O-O 9. Re1 Nb6 10. Nf1 Re8 11. Qb3 Be6 12. Rxe6 fxe6 13. Qxe6+ Kh8 14. Ng5
Rf8 15. Qh3 Nh5 16. Ng3 Qd7 17. Qh4 Bf6 18. Nxh5 Bxg5 19. Bxg5 gxh5 20. Bxh7
Kxh7 21. Qxh5+ Kg8 22. Qg6+ Kh8 1/2-1/2

[Event "Weekend Vitinia"]
[Site "Roma ITA"]
[Date "1997.11.??"]
[Round "6"]
[White "Perotti, Germano"]
[Black "Mazziotto, Nicola"]
[Result "1-0"]
[WhiteElo "1630"]
[BlackElo "1570"]
[PlyCount "55"]
[EventDate "1997.11.??"]

1. d4 Nf6 2. c4 e6 3. Nf3 Bb4+ 4. Bd2 Bxd2+ 5. Nbxd2 d5 6. e3 O-O 7. Bd3 Nc6 8.
Rc1 Nb4 9. Bb1 c6 10. O-O Bd7 11. Qb3 Qb6 12. c5 Qb5 13. Ne5 a5 14. a3 Na6 15.
Qc2 Rfd8 16. Ndf3 h6 17. g4 Ne4 18. Nd2 f5 19. f3 Nxd2 20. Qxd2 a4 21. Rf2 Nc7
22. Rg2 Ne8 23. gxf5 exf5 24. e4 Kh7 25. exf5 Nf6 26. Qf4 b6 27. Qg3 Rg8 28.
Qg6+ 1-0

[Event "Weekend Vitinia"]
[Site "Roma ITA"]
[Date "1997.11.??"]
[Round "6"]
[White "Ricca, Roberto"]
[Black "Galeno, Giorgio"]
[Result "1-0"]
[WhiteElo "2145"]
[BlackElo "1764"]
[PlyCount "102"]
[EventDate "1997.11.??"]

1. f4 d6 2. Nf3 g6 3. e4 Bg7 4. d3 Nf6 5. g3 c5 6. Bg2 Nc6 7. c3 O-O 8. O-O Bg4
9. h3 Bd7 10. Be3 Qc7 11. Na3 a6 12. g4 Rad8 13. Qd2 b5 14. Nc2 e6 15. Nh4 Bc8
16. f5 exf5 17. exf5 Ne5 18. Bg5 Bb7 19. Nf3 Rd7 20. Rae1 Nxf3+ 21. Bxf3 Bxf3
22. Rxf3 d5 23. Qf2 Qc6 24. Rf1 h6 25. fxg6 hxg5 26. Rxf6 Bxf6 27. Qxf6 Qxf6
28. Rxf6 fxg6 29. Rxg6+ Kh7 30. Rxg5 Rf3 31. Rh5+ Kg6 32. Ne1 Re3 33. Ng2 Re8
34. Nf4+ Kg7 35. Rg5+ Kh6 36. Rh5+ Kg7 37. Kf2 b4 38. Rxd5 Rxd5 39. Nxd5 bxc3
40. Nxc3 Kg6 41. b3 a5 42. Ne4 Rh8 43. Kg3 Rc8 44. h4 a4 45. g5 c4 46. dxc4
axb3 47. axb3 Rb8 48. Nc5 Kh5 49. Kf4 Rf8+ 50. Ke5 Kxh4 51. b4 Kxg5 1-0

[Event "Weekend Vitinia"]
[Site "Roma ITA"]
[Date "1997.11.??"]
[Round "6"]
[White "Rotondi, Paolo"]
[Black "Ridolfi, Raffaele"]
[Result "1/2-1/2"]
[WhiteElo "1660"]
[BlackElo "1633"]
[PlyCount "143"]
[EventDate "1997.11.??"]

1. c4 Nf6 2. Nc3 d5 3. cxd5 Nxd5 4. g3 Nxc3 5. bxc3 g6 6. Bg2 Bg7 7. Rb1 c6 8.
d4 O-O 9. e4 Nd7 10. Be3 Nf6 11. h3 e6 12. Ne2 b6 13. c4 Bb7 14. e5 Ne8 15. O-O
Nc7 16. f4 Kh8 17. Qa4 b5 18. cxb5 cxb5 19. Qb3 Bxg2 20. Kxg2 Qd5+ 21. Qxd5
Nxd5 22. Kf3 a6 23. Rfc1 Rfc8 24. Bd2 Bf8 25. Rxc8 Rxc8 26. Rc1 Rxc1 27. Nxc1
Bb4 28. Bxb4 Nxb4 29. Ke4 Kg7 30. g4 Kf8 31. f5 gxf5+ 32. gxf5 exf5+ 33. Kxf5
Ke7 34. Ke4 f6 35. d5 fxe5 36. Kxe5 a5 37. Nb3 Nxa2 38. d6+ Kd8 39. Ke6 Nb4 40.
Nxa5 Kc8 41. Ke7 Nd5+ 42. Ke6 Nb6 43. Nb3 b4 44. Nc5 Kd8 45. h4 h5 46. Nb7+ Kc8
47. Na5 Nd7 48. Ke7 Nc5 49. Ke8 Nd7 50. Nc6 b3 51. Na7+ Kb7 52. Nb5 b2 53. Nc3
Kc6 54. Ke7 Ne5 55. Ke6 Nd7 56. Nb1 Nf8+ 57. Kf7 Nd7 58. Kg6 Kxd6 59. Kxh5 Ne5
60. Kh6 Ke6 61. h5 Kf6 62. Kh7 Nf7 63. Nc3 Kg5 64. Kg7 Nh6 65. Nb1 Kxh5 66. Kf6
Kg4 67. Ke5 Nf5 68. Ke4 Nd6+ 69. Kd3 Kf3 70. Kc2 Nc4 71. Kb3 Na5+ 72. Kxb2
1/2-1/2